000 00956nam a2200289 a 4500
001 22474
003 BD-RjUL
005 20211209000818.0
008 140308s1985 nyu b 001 0 eng
020 _a0023795107
035 _a(BD-RjUL)22539
040 _aDLC
_cDLC
_dDLC
_dBD-RjUL
_beng
041 _aeng
082 0 0 _a810.8
_219
_bCON 1985
245 0 0 _aConcise anthology of American literature /
_cgeneral editor, George McMichael ; advisory editors, Frederick Crews ... [et al.].
250 _a2nd ed.
260 _aNew York :
_bMacmillan ;
_aLondon :
_bCollier Macmillan,
_cc1985.
300 _axxxviii, 2226 p. ;
_c24 cm.
504 _aBibliography: p. 2193-2198. and index.
650 0 _aAmerican literature.
_969405
651 0 _aUnited States
_xLiterary collections.
_969406
700 1 _aMcMichael, George L.,
_d1927-
_969407
700 1 _aCrews, Frederick C.
_951569
942 _2ddc
_cBK
999 _c22474
_d22474